Southville International School and Colleges
Your cart is empty.
  • Cart
  • Lists
    Public lists Eva Luna New books Lux_list list_1
    Your lists Log in to create your own lists
  • Log in to your account
  • Your cookies
  • Search history
Southville International School and Colleges
  • Advanced search
  • Recent comments
  • Most popular
  • Libraries

Log in to your account

Log in with GOOGLE


If you do not have an external account, but do have a local account, you can still log in:

  1. Home
  2. MARC view: The cry of Balintawak :
Normal view MARC view ISBD view

The cry of Balintawak : (Record no. 3436)

[ view plain ]
MARC details
000 -LEADER
fixed length control field 00618nam a22001937a 4500
003 - CONTROL NUMBER IDENTIFIER
control field OSt
005 - DATE AND TIME OF LATEST TRANSACTION
control field 20140310181756.0
008 - FIXED-LENGTH DATA ELEMENTS--GENERAL INFORMATION
fixed length control field 130629t xxu||||| |||| 00| 0 eng d
020 ## - INTERNATIONAL STANDARD BOOK NUMBER
International Standard Book Number 971-550-278-4
022 ## - INTERNATIONAL STANDARD SERIAL NUMBER
International Standard Serial Number 971-550-295-4
050 ## - LIBRARY OF CONGRESS CALL NUMBER
Classification number DS 674
Item number .B928 1998
082 ## - DEWEY DECIMAL CLASSIFICATION NUMBER
Classification number FIL 959.9027
Item number B86 1998
100 ## - MAIN ENTRY--PERSONAL NAME
Personal name Borromeo-Buehler, Soledad
245 ## - TITLE STATEMENT
Title The cry of Balintawak :
Remainder of title a controlled controversy :a textual analysis with appended documents /
Statement of responsibility, etc Soledad Borromeo-Buehler
260 ## - PUBLICATION, DISTRIBUTION, ETC. (IMPRINT)
Place of publication, distribution, etc Quezon City, Philippines :
Name of publisher, distributor, etc ADMU Press,
Date of publication, distribution, etc c1998
300 ## - PHYSICAL DESCRIPTION
Extent 221 p. :
Other physical details ill.;
Dimensions 23 cm.
942 ## - ADDED ENTRY ELEMENTS (KOHA)
Source of classification or shelving scheme Library of Congress Classification
Koha item type Books
Holdings
Withdrawn status Lost status Source of classification or shelving scheme Damaged status Home library Current library Shelving location Date acquired Total Checkouts Full call number Barcode Date last seen Date checked out Copy number Price effective from Koha item type
    Library of Congress Classification   Luxembourg Library Luxembourg Library Filipiniana Section 06/29/2013 1 DS 674 .B928 1998 8805 10/02/2019 10/01/2019 1 06/29/2013 Books

The cry of Balintawak :

APA

Borromeo-Buehler S., . (1998). The cry of Balintawak. Quezon City, Philippines: ADMU Press.

Chicago

Borromeo-Buehler Soledad, . 1998. The cry of Balintawak. Quezon City, Philippines: ADMU Press.

Harvard

Borromeo-Buehler S., . (1998). The cry of Balintawak. Quezon City, Philippines: ADMU Press.

MLA

Borromeo-Buehler Soledad, . The cry of Balintawak. Quezon City, Philippines: ADMU Press. 1998.

  • Place hold
  • Print
  • Cite
  • Add to your cart (remove)
  • Save record
    BIBTEX Dublin Core MARCXML MARC (non-Unicode/MARC-8) MARC (Unicode/UTF-8) MARC (Unicode/UTF-8, Standard) MODS (XML) RIS
  • More searches
    Search for this title in:
    Other Libraries (WorldCat) Other Databases (Google Scholar) Online Stores (Bookfinder.com) Open Library (openlibrary.org)

Exporting to Dublin Core...

SOUTHVILLE LIBRARY

Southville International School and Colleges Library

1281 Tropical Ave. Cor. Luxembourg St., BF Homes International, Las Pinas City

Tel. No. 8256374 / 252358 Loc. 117/146

Powered by Koha